[Event "7th Vidmar Memorial"]
[Site "Portoroz YUG"]
[Date "1987.06.09"]
[Round "6"]
[White "Sokolov, Ivan"]
[Black "Boensch, Uwe"]
[Result "1/2-1/2"]
[WhiteElo "2425"]
[BlackElo "2530"]
[EventDate "1987.06.03"]
[PlyCount "105"]

1.d4 d5 2.c4 e6 3.Nc3 Be7 4.Nf3 Nf6 5.Bg5 h6 6.Bxf6 Bxf6 7.e3 O-O 8.Rc1 a6
9.cxd5 exd5 10.Bd3 c6 11.h3 Nd7 12.O-O Re8 13.Bb1 Nf8 14.a3 Be7 15.Ne5 f6 
16.Nf3 Bd6 17.Qd2 f5 18.Ne2 Qf6 19.Nf4 g5 20.Nh5 Qf7 21.Ng3 f4 22.Ne2 g4 
23.hxg4 Bxg4 24.Ne5 Bxe5 25.dxe5 f3 26.Ng3 Rxe5 27.e4 h5 28.exd5 cxd5 29.
Rfe1 Rae8 30.Rxe5 Rxe5 31.Re1 Rxe1+ 32.Qxe1 h4 33.Qb4 Qe6 34.Nf1 fxg2 35.
Ne3 Bf3 36.Qxh4 Qe5 37.Ba2 Kg7 38.Qh3 Be4 39.Qg4+ Ng6 40.Qd7+ Qe7 41.Qxe7+
Nxe7 42.Nxg2 Kf6 43.Kf1 Ng6 44.Ne3 Nf4 45.Ke1 d4 46.Nd1 Ke5 47.b4 Bf3 48.
Nb2 d3 49.Kd2 Kd4 50.Bc4 Be4 51.f3 Bg6 52.a4 Bf5 53.a5 1/2-1/2

[Event "7th Vidmar Memorial"]
[Site "Portoroz YUG"]
[Date "1987.06.09"]
[Round "6"]
[White "Grosar, Aljosa"]
[Black "Csom, Istvan"]
[Result "0-1"]
[WhiteElo "2370"]
[BlackElo "2485"]
[EventDate "1987.06.03"]
[PlyCount "138"]

1.e4 c5 2.Nf3 a6 3.c3 d5 4.exd5 Qxd5 5.d4 e6 6.Be2 Nf6 7.O-O Nc6 8.h3 Be7 
9.Be3 cxd4 10.Nxd4 Nxd4 11.cxd4 Qd7 12.Nc3 b5 13.Bf3 Bb7 14.Bxb7 Qxb7 15.
Qb3 O-O 16.Rfd1 Rfd8 17.Rac1 Rd7 18.a3 Rad8 19.Rd2 h6 20.Rcd1 Ne4 21.Nxe4 
Qxe4 22.Kf1 Bf6 23.Qc3 Rd6 24.Qd3 Qd5 25.Qc3 Rc6 26.Qd3 Rc4 27.Qe2 Qc6 28.
Qh5 Rd5 29.Qf3 Bd8 30.Kg1 Qd7 31.Qg4 Kh8 32.Qe2 Bc7 33.Qg4 Qd6 34.g3 Qd7 
35.Qe2 Ba5 36.Rd3 Qc6 37.Qf3 Qc7 38.Kg2 Rc2 39.b3 Kg8 40.h4 Qc6 41.Bf4 Bd8
42.R1d2 Rxd2 43.Rxd2 Qd7 44.Qc3 Bb6 45.Rc2 Bxd4 46.Qc8+ Qxc8 47.Rxc8+ Kh7 
48.Rc6 Rc5 49.Rxc5 Bxc5 50.a4 Kg6 51.Kf3 h5 52.axb5 axb5 53.Be3 Bb4 54.Ke4
f6 55.Bb6 Kf7 56.Kd4 Ke8 57.Bc5 Be1 58.Kd3 Kd7 59.Ke2 Ba5 60.f3 e5 61.g4 
g6 62.Bf2 Ke6 63.gxh5 gxh5 64.Be3 Kd5 65.Bf2 Bb4 66.Kd3 f5 67.Be3 Be7 68.
Bf2 e4+ 69.fxe4+ fxe4+ 0-1

[Event "7th Vidmar Memorial"]
[Site "Portoroz YUG"]
[Date "1987.06.10"]
[Round "7"]
[White "Csom, Istvan"]
[Black "Mencinger, Vojko"]
[Result "1/2-1/2"]
[WhiteElo "2485"]
[BlackElo "2385"]
[EventDate "1987.06.03"]
[PlyCount "144"]

1.c4 Nf6 2.Nf3 g6 3.b4 Bg7 4.Bb2 O-O 5.e3 d6 6.Be2 e5 7.d3 Re8 8.Nbd2 Nbd7
9.O-O Nf8 10.Qc2 Bf5 11.Rfd1 h6 12.Bc3 g5 13.Nf1 g4 14.Nh4 Bd7 15.Ng3 Nd5 
16.cxd5 Qxh4 17.d4 e4 18.Be1 Rac8 19.Nxe4 Bf5 20.f3 Qe7 21.Bd3 gxf3 22.
gxf3 Bxe4 23.Bxe4 Qg5+ 24.Kh1 Qxe3 25.Rd3 Qg5 26.Rd2 c6 27.Rg2 Qh5 28.Bf5 
Rc7 29.Bg3 Rce7 30.Rf1 cxd5 31.Bg4 Qg6 32.Bf5 Qh5 33.Bg4 Qg6 34.Bf5 Qf6 
35.Bf2 Ng6 36.Rfg1 Kh8 37.Bxg6 fxg6 38.Qxg6 Qxf3 39.Qg4 Qxg4 40.Rxg4 Rf7 
41.Bh4 Kh7 42.Bg3 Re4 43.Bxd6 Bxd4 44.Rxe4 dxe4 45.Re1 e3 46.Bc5 Bxc5 47.
bxc5 Re7 48.Kg2 Kg6 49.Kf3 Kf5 50.Ke2 Ke4 51.Rb1 Kd5 52.Rc1 Kc6 53.Rc3 Re5
54.h3 Rxc5 55.Ra3 a5 56.Kxe3 b6 57.Kd2 Rc4 58.Rb3 Kc5 59.a3 h5 60.Rf3 Kb5 
61.Rb3+ Ka4 62.Rxb6 Rh4 63.Re6 Rxh3 64.Re5 h4 65.Rh5 Rh2+ 66.Kd3 Rh1 67.
Kc3 Rc1+ 68.Kd3 Rh1 69.Kc3 Rh3+ 70.Kd2 Rb3 71.Rxh4+ Kxa3 72.Kc2 a4 1/2-1/2

[Event "7th Vidmar Memorial"]
[Site "Portoroz YUG"]
[Date "1987.06.10"]
[Round "7"]
[White "Dizdar, Goran"]
[Black "Grosar, Aljosa"]
[Result "1-0"]
[WhiteElo "2505"]
[BlackElo "2370"]
[EventDate "1987.06.03"]
[PlyCount "81"]

1.Nf3 Nf6 2.g3 b6 3.Bg2 Bb7 4.c4 c5 5.Nc3 g6 6.O-O Bg7 7.d4 cxd4 8.Qxd4 d6
9.Be3 Nbd7 10.Qd2 Rc8 11.b3 Nc5 12.Rac1 Nce4 13.Nxe4 Nxe4 14.Qd3 Nc5 15.
Qd1 O-O 16.Bd4 Rc7 17.Bxg7 Kxg7 18.Qd4+ Kg8 19.h4 Ne6 20.Qe3 Ng7 21.Nd4 
Bxg2 22.Kxg2 d5 23.cxd5 Qxd5+ 24.Qf3 Qxf3+ 25.Kxf3 Rfc8 26.Rxc7 Rxc7 27.
Rd1 a6 28.Rd2 Ne8 29.Rc2 Kf8 30.Rc6 Rxc6 31.Nxc6 Nc7 32.Ke4 Ke8 33.Ne5 e6 
34.Nc4 Na8 35.g4 h6 36.g5 hxg5 37.hxg5 Ke7 38.Ke5 b5 39.Na5 Nb6 40.Nc6+ 
Ke8 41.e4 1-0

[Event "7th Vidmar Memorial"]
[Site "Portoroz YUG"]
[Date "1987.06.10"]
[Round "7"]
[White "Boensch, Uwe"]
[Black "Jelen, Iztok"]
[Result "1-0"]
[WhiteElo "2530"]
[BlackElo "2430"]
[EventDate "1987.06.03"]
[PlyCount "89"]

1.d4 d5 2.c4 e6 3.Nc3 c5 4.cxd5 exd5 5.Nf3 Nc6 6.g3 Nf6 7.Bg2 Be7 8.O-O 
O-O 9.b3 Ne4 10.Bb2 Bf6 11.Na4 Re8 12.Rc1 b6 13.dxc5 Bxb2 14.Nxb2 bxc5 15.
Na4 Ba6 16.Re1 c4 17.Nd2 Qf6 18.Nxe4 dxe4 19.Nc3 Rad8 20.Nd5 Qb2 21.Rc2 
Qe5 22.bxc4 Nd4 23.Rd2 Bxc4 24.Rxd4 Rxd5 25.Rxd5 Bxd5 26.Qa4 f5 27.e3 Qb8 
28.Bf1 h6 29.Rd1 Be6 30.Rb1 Qa8 31.Rb7 a5 32.Ra7 Qb8 33.Qd4 Bf7 34.Qd7 Rf8
35.Bc4 Qxa7 36.Qxa7 Bxc4 37.Qxa5 Rb8 38.Kg2 Rb1 39.g4 fxg4 40.Qa8+ Kf7 41.
Qxe4 Bxa2 42.Qc2 Ra1 43.Qf5+ Kg8 44.Qa5 Kf7 45.e4 1-0

[Event "7th Vidmar Memorial"]
[Site "Portoroz YUG"]
[Date "1987.06.10"]
[Round "7"]
[White "Xu Jun"]
[Black "Sokolov, Ivan"]
[Result "0-1"]
[WhiteElo "2495"]
[BlackElo "2425"]
[EventDate "1987.06.03"]
[PlyCount "73"]

1.d4 Nf6 2.c4 g6 3.f3 c5 4.d5 b5 5.e4 d6 6.cxb5 Bg7 7.Nc3 O-O 8.Bg5 Re8 9.
Qd2 Nbd7 10.a4 Qa5 11.Nge2 Ne5 12.Nc1 e6 13.Be2 Bb7 14.O-O c4 15.Rd1 Rac8 
16.Kh1 Ned7 17.dxe6 Rxe6 18.Be3 h5 19.Bd4 h4 20.Rb1 h3 21.b4 hxg2+ 22.Kxg2
Qc7 23.N1a2 d5 24.exd5 Bxd5 25.Bf2 Ba8 26.Bg3 Qb7 27.a5 Rce8 28.Rf1 Nd5 
29.a6 Qc8 30.Rf2 Bxc3 31.Nxc3 Nxc3 32.Qxc3 Rxe2 33.Rxe2 Rxe2+ 34.Kf1 Re8 
35.Re1 Rxe1+ 36.Bxe1 Nb6 37.Qf6 0-1

[Event "7th Vidmar Memorial"]
[Site "Portoroz YUG"]
[Date "1987.06.10"]
[Round "7"]
[White "Gostisa, Leon"]
[Black "Sifrer, Darko"]
[Result "1-0"]
[WhiteElo "2380"]
[BlackElo "2355"]
[EventDate "1987.06.03"]
[PlyCount "83"]

1.d4 d5 2.c4 e6 3.Nc3 Be7 4.Nf3 Nf6 5.Bg5 h6 6.Bxf6 Bxf6 7.e3 O-O 8.Rc1 c6
9.Bd3 Nd7 10.O-O dxc4 11.Bxc4 e5 12.h3 exd4 13.exd4 Nb6 14.Bb3 Re8 15.Re1 
Bf5 16.Rxe8+ Qxe8 17.Qd2 Qd7 18.Re1 a5 19.a3 a4 20.Ba2 Rd8 21.Qf4 Bc2 22.
Qc1 Bf5 23.Ne5 Bxe5 24.Rxe5 Bg6 25.d5 Qc7 26.Qf4 Kh7 27.dxc6 bxc6 28.Qe3 
Rd3 29.Qe1 Qd6 30.h4 Nd5 31.Bxd5 cxd5 32.h5 Be4 33.Re8 Bf5 34.Qe5 Qxe5 35.
Rxe5 Be6 36.Kf1 Rd2 37.Nxa4 d4 38.Ke1 Rc2 39.Rc5 Rxc5 40.Nxc5 Bg4 41.a4 
Bxh5 42.b4 1-0

[Event "7th Vidmar Memorial"]
[Site "Portoroz YUG"]
[Date "1987.06.10"]
[Round "7"]
[White "Vera Gonzalez, Reynaldo"]
[Black "Polajzer, Danilo"]
[Result "1-0"]
[WhiteElo "2470"]
[BlackElo "2375"]
[EventDate "1987.06.03"]
[PlyCount "101"]

1.d4 d5 2.c4 c6 3.Nc3 Nf6 4.cxd5 cxd5 5.Bf4 Nc6 6.e3 Bf5 7.Bb5 e6 8.Qa4 
Qc8 9.Nf3 Nd7 10.Nh4 Bg4 11.h3 Bh5 12.g4 Bg6 13.Nxg6 hxg6 14.Rc1 a6 15.
Bxc6 Qxc6 16.Qxc6 bxc6 17.Na4 Rc8 18.Ke2 f6 19.Rc2 e5 20.Bg3 Bd6 21.Rhc1 
Nb8 22.e4 dxe4 23.dxe5 Bxe5 24.Bxe5 fxe5 25.Rc5 Rxh3 26.Rxe5+ Kf7 27.Nc5 
e3 28.Rxe3 Rxe3+ 29.Kxe3 Re8+ 30.Ne4 Re5 31.Rc5 Rd5 32.b4 Ke7 33.a3 Kd7 
34.Kf4 Ke7 35.f3 Ke6 36.Rxd5 cxd5 37.Nc5+ Kd6 38.Kg5 d4 39.Kxg6 Nd7 40.
Ne4+ Ke5 41.Kxg7 Kf4 42.g5 Kxf3 43.Nc5 Nxc5 44.bxc5 d3 45.c6 d2 46.c7 d1=Q
47.c8=Q Kf4 48.g6 Qd4+ 49.Kh7 Qe4 50.Qxa6 Qh1+ 51.Kg7 1-0

[Event "7th Vidmar Memorial"]
[Site "Ljubljana YUG"]
[Date "1987.06.13"]
[Round "8"]
[White "Mencinger, Vojko"]
[Black "Polajzer, Danilo"]
[Result "1/2-1/2"]
[WhiteElo "2385"]
[BlackElo "2375"]
[EventDate "1987.06.03"]
[PlyCount "107"]

1.e4 c5 2.Nf3 d6 3.d4 cxd4 4.Nxd4 Nf6 5.Nc3 a6 6.Be2 e6 7.O-O Be7 8.f4 O-O
9.Kh1 Qc7 10.a4 Nc6 11.Be3 Re8 12.Qd2 Nxd4 13.Qxd4 e5 14.Qd3 exf4 15.Bxf4 
Be6 16.Rfd1 Red8 17.a5 Rac8 18.Ra4 g6 19.Rd2 Rd7 20.Nd5 Bxd5 21.exd5 Rdd8 
22.c4 Nd7 23.b4 Bf6 24.Raa2 Ne5 25.Qg3 Qe7 26.Rac2 Bh4 27.Qb3 Bf2 28.Rd1 
Re8 29.g3 Nxc4 30.Bf3 g5 31.Bc1 g4 32.Rxf2 gxf3 33.Qxf3 Qe4 34.Bf4 Qxf3+ 
35.Rxf3 Ne5 36.Re3 f6 37.Rb1 Re7 38.Re2 Rc4 39.b5 Rc5 40.bxa6 bxa6 41.Rb6 
Rxa5 42.Rxd6 Kf7 43.Kg2 Nd3 44.Ree6 Nxf4+ 45.gxf4 Rxe6 46.dxe6+ Ke7 47.Rb6
f5 48.Kg3 Ra4 49.Rc6 h6 50.Rb6 a5 51.Ra6 Ra3+ 52.Kh4 Rf3 53.Rxa5 Rxf4+ 54.
Kg3 1/2-1/2

[Event "7th Vidmar Memorial"]
[Site "Ljubljana YUG"]
[Date "1987.06.13"]
[Round "8"]
[White "Sifrer, Darko"]
[Black "Vera Gonzalez, Reynaldo"]
[Result "0-1"]
[WhiteElo "2355"]
[BlackElo "2470"]
[EventDate "1987.06.03"]
[PlyCount "100"]

1.Nf3 Nf6 2.c4 e6 3.g3 d5 4.Bg2 Be7 5.O-O O-O 6.d4 dxc4 7.Qc2 a6 8.Qxc4 b5
9.Qc2 Bb7 10.Bf4 Nc6 11.Rd1 Nb4 12.Qc1 Qc8 13.a4 Nbd5 14.axb5 axb5 15.Rxa8
Qxa8 16.Bg5 Rc8 17.Nc3 Nxc3 18.bxc3 c5 19.dxc5 h6 20.Bxf6 Bxf6 21.c6 Bxc6 
22.Qb2 Qa4 23.Rd3 Be4 24.Re3 Qd1+ 25.Bf1 Bf5 26.h4 Bh3 27.Nh2 Ra8 28.f4 
Ra1 29.Rf3 Rb1 30.Qa2 Ra1 31.Qb2 Rb1 32.Qa2 Bxc3 33.Rxc3 Bxf1 34.Rd3 Qe1 
35.Qxb1 Qxb1 36.Nxf1 b4 37.Kf2 Qc2 38.Nd2 Qc5+ 39.Kf3 f5 40.Kg2 Qc2 41.Kf2
e5 42.fxe5 Qc5+ 43.Kf1 Qxe5 44.Rf3 g5 45.hxg5 hxg5 46.Rb3 Qa1+ 47.Rb1 Qc3 
48.Nf3 b3 49.Ne1 Qxg3 50.Nf3 Qd6 0-1

[Event "7th Vidmar Memorial"]
[Site "Ljubljana YUG"]
[Date "1987.06.13"]
[Round "8"]
[White "Psakhis, Lev"]
[Black "Gostisa, Leon"]
[Result "1/2-1/2"]
[WhiteElo "2575"]
[BlackElo "2380"]
[EventDate "1987.06.03"]
[PlyCount "73"]

1.e4 c5 2.Nf3 d6 3.d4 cxd4 4.Nxd4 Nf6 5.Nc3 a6 6.f4 e5 7.Nf3 Nbd7 8.a4 Be7
9.Bd3 O-O 10.O-O b6 11.Kh1 Bb7 12.Qe2 Qc7 13.fxe5 dxe5 14.Nh4 g6 15.Bh6 
Rfe8 16.Bc4 Bf8 17.Bg5 Bg7 18.Rad1 Rf8 19.b3 Kh8 20.Rf3 h6 21.Bc1 Nc5 22.
Bxh6 Bxh6 23.Rxf6 Bg5 24.Nxg6+ fxg6 25.Rxg6 Bf4 26.Qh5+ Qh7 27.Qxh7+ Kxh7 
28.Rxb6 Kh8 29.Bd5 Bxd5 30.exd5 Bd2 31.Rc6 Bxc3 32.Rxc5 Bd4 33.Rc6 Rf2 34.
c3 Raf8 35.h4 Rg8 36.cxd4 Rgxg2 37.dxe5 1/2-1/2

[Event "7th Vidmar Memorial"]
[Site "Ljubljana YUG"]
[Date "1987.06.13"]
[Round "8"]
[White "Jelen, Iztok"]
[Black "Xu Jun"]
[Result "0-1"]
[WhiteElo "2430"]
[BlackElo "2495"]
[EventDate "1987.06.03"]
[PlyCount "76"]

1.d4 Nf6 2.c4 e6 3.Nc3 Bb4 4.e3 c5 5.Bd3 d5 6.cxd5 exd5 7.Ne2 cxd4 8.exd4 
h6 9.O-O Nc6 10.Bf4 O-O 11.h3 Bd6 12.Bc2 Bxf4 13.Nxf4 Qd6 14.Qd2 Bd7 15.
Bb3 Ne4 16.Qe3 Rfe8 17.Nfxd5 Nxc3 18.Qxc3 Be6 19.Nc7 Qxc7 20.d5 Bd7 21.
dxc6 Bxc6 22.Rfe1 Qf4 23.Qc4 Qf6 24.Rad1 a6 25.f3 Rac8 26.Kh2 g6 27.Rc1 
Kg7 28.Rxe8 Rxe8 29.Qc3 Re2 30.Qxf6+ Kxf6 31.Kg3 Rxb2 32.Rd1 Re2 33.Rd4 
Ke7 34.Rh4 a5 35.Rxh6 a4 36.Bc4 Rc2 37.Bd3 Rxa2 38.Rh7 Bd5 0-1

[Event "7th Vidmar Memorial"]
[Site "Ljubljana YUG"]
[Date "1987.06.13"]
[Round "8"]
[White "Grosar, Aljosa"]
[Black "Boensch, Uwe"]
[Result "0-1"]
[WhiteElo "2370"]
[BlackElo "2530"]
[EventDate "1987.06.03"]
[PlyCount "84"]

1.e4 c5 2.Nf3 d6 3.d4 cxd4 4.Nxd4 Nf6 5.Nc3 e6 6.g4 h6 7.g5 hxg5 8.Bxg5 a6
9.Bg2 Qa5 10.Qd2 Nc6 11.Nb3 Qc7 12.O-O-O Bd7 13.f4 O-O-O 14.h4 Be7 15.Bf3 
Na5 16.Nxa5 Qxa5 17.Kb1 Qc7 18.h5 Bc6 19.Qd4 Ne8 20.h6 Rh7 21.Bxe7 Qxe7 
22.hxg7 Rxg7 23.Rh8 f5 24.Be2 e5 25.fxe5 dxe5 26.Qxd8+ Qxd8 27.Rxd8+ Kxd8 
28.exf5 Rg1+ 29.Bd1 Ke7 30.Kc1 Ng7 31.Rh2 Nxf5 32.Kd2 Kf6 33.Be2 e4 34.Nd1
Rg3 35.Rh5 e3+ 36.Kd3 Ke5 37.c4 Be4+ 38.Kc3 Rg2 39.Nxe3 Rxe2 40.Nxf5 Bxf5 
41.a4 Rc2+ 42.Kb3 Rf2 0-1

[Event "7th Vidmar Memorial"]
[Site "Ljubljana YUG"]
[Date "1987.06.13"]
[Round "8"]
[White "Csom, Istvan"]
[Black "Dizdar, Goran"]
[Result "1-0"]
[WhiteElo "2485"]
[BlackElo "2505"]
[EventDate "1987.06.03"]
[PlyCount "77"]

1.c4 Nf6 2.Nf3 e6 3.g3 d5 4.Bg2 Be7 5.O-O O-O 6.d4 c6 7.Qc2 b6 8.b3 Na6 9.
Nc3 Bb7 10.Rd1 c5 11.dxc5 Bxc5 12.a3 Rc8 13.Qb2 Qe7 14.b4 Bd6 15.cxd5 Nxd5
16.Nb5 Bb8 17.e4 Nac7 18.Nbd4 Nf6 19.e5 Nfd5 20.Bd2 b5 21.Rac1 Nb6 22.Qb1 
Ncd5 23.Nxb5 Nc4 24.Qa2 Nxe5 25.Nxe5 Bxe5 26.Nxa7 Rcd8 27.b5 Ra8 28.Nc6 
Bxc6 29.Rxc6 Rxa3 30.Qc4 Rd8 31.Bb4 Ra1 32.Bxe7 Rxd1+ 33.Bf1 Nxe7 34.Ra6 
Nd5 35.b6 h5 36.b7 Bb8 37.Rc6 Ne7 38.Rc8 Ba7 39.Qc7 1-0

[Event "7th Vidmar Memorial"]
[Site "Ljubljana YUG"]
[Date "1987.06.14"]
[Round "9"]
[White "Dizdar, Goran"]
[Black "Mencinger, Vojko"]
[Result "1/2-1/2"]
[WhiteElo "2505"]
[BlackElo "2385"]
[EventDate "1987.06.03"]
[PlyCount "133"]

1.d4 Nf6 2.Nf3 c5 3.d5 g6 4.Nc3 Bg7 5.e4 O-O 6.a4 d6 7.Be2 Na6 8.O-O Nc7 
9.h3 Rb8 10.Bf4 a6 11.Re1 Nd7 12.a5 b5 13.axb6 Nxb6 14.Qd2 Nd7 15.Ra2 Nb5 
16.Nd1 Nd4 17.Bh6 Nxc2 18.Qxc2 Bxh6 19.Bxa6 Ra8 20.Bc4 Rxa2 21.Bxa2 Qa5 
22.Nc3 Bg7 23.Bc4 Ba6 24.Bxa6 Qxa6 25.Nb1 Qa2 26.Nbd2 Qxb2 27.Qxb2 Bxb2 
28.Rb1 Rb8 29.Nc4 Bc3 30.Rxb8+ Nxb8 31.e5 dxe5 32.Nfxe5 Bxe5 33.Nxe5 Kf8 
34.Kf1 Ke8 35.Ke2 Nd7 36.Nc4 Kd8 37.d6 e6 38.Kd3 Kc8 39.Na5 Nb6 40.Nc4 Nd7
41.Na5 Ne5+ 42.Kc3 g5 43.Nb3 c4 44.Nc5 h6 45.f3 Nd7 46.Na4 Kb7 47.Kd4 Kc6 
48.Nc3 Kxd6 49.Ne4+ Kc6 50.Kxc4 f5 51.Nf2 h5 52.Kd4 h4 53.Ke3 e5 54.Nd3 
Kd6 55.Nb2 Nb6 56.Nd3 Nd5+ 57.Kf2 e4 58.fxe4 fxe4 59.Ne1 Ke5 60.g3 e3+ 61.
Kf3 hxg3 62.Kxg3 Ke4 63.Nf3 e2 64.Kf2 Kd3 65.Ng1 Nf4 66.Nxe2 Nxh3+ 67.Kf3 
1/2-1/2

[Event "7th Vidmar Memorial"]
[Site "Ljubljana YUG"]
[Date "1987.06.14"]
[Round "9"]
[White "Boensch, Uwe"]
[Black "Csom, Istvan"]
[Result "1-0"]
[WhiteElo "2530"]
[BlackElo "2485"]
[EventDate "1987.06.03"]
[PlyCount "89"]

1.d4 Nf6 2.c4 e6 3.Nf3 b6 4.g3 Ba6 5.b3 c6 6.Bg2 d5 7.Qc2 Be7 8.O-O O-O 9.
Nbd2 Nbd7 10.e4 dxe4 11.Nxe4 Rc8 12.Nxf6+ Bxf6 13.Bf4 Qe7 14.Rad1 Rfd8 15.
Rfe1 Nf8 16.h4 h6 17.h5 Bb7 18.c5 bxc5 19.dxc5 Rd5 20.Bd6 Qd8 21.b4 a5 22.
a3 axb4 23.axb4 Ba6 24.Ne5 Rxd1 25.Qxd1 Bxe5 26.Bxe5 Qxd1 27.Rxd1 Bb5 28.
f4 Ra8 29.Rd6 Rc8 30.Kf2 f6 31.Bc3 Kf7 32.g4 Ke7 33.g5 Kf7 34.Be4 hxg5 35.
fxg5 fxg5 36.Be5 Rc7 37.Rd8 Rd7 38.Bg6+ Nxg6 39.Rxd7+ Ke8 40.Rd6 Nxe5 41.
Rxe6+ Kf7 42.Rxe5 Kf6 43.Re8 Bc4 44.Kg3 Bf7 45.Rd8 1-0

[Event "7th Vidmar Memorial"]
[Site "Ljubljana YUG"]
[Date "1987.06.14"]
[Round "9"]
[White "Xu Jun"]
[Black "Grosar, Aljosa"]
[Result "1-0"]
[WhiteElo "2495"]
[BlackElo "2370"]
[EventDate "1987.06.03"]
[PlyCount "153"]

1.d4 Nf6 2.c4 e6 3.Nc3 c5 4.d5 exd5 5.cxd5 d6 6.e4 g6 7.f3 Bg7 8.Bg5 h6 9.
Be3 O-O 10.Qd2 Kh7 11.a4 a6 12.Nge2 Nbd7 13.Nd1 Rb8 14.Nec3 Qc7 15.a5 Ng8 
16.Be2 f5 17.O-O fxe4 18.Nxe4 Ngf6 19.Ng3 b5 20.axb6 Nxb6 21.Nc3 Bb7 22.
Bxa6 Bxa6 23.Rxa6 Nc4 24.Qe2 Nxe3 25.Qxe3 Nxd5 26.Nxd5 Qb7 27.Qd3 Bd4+ 28.
Kh1 Qxd5 29.Ne4 Rb3 30.Qd1 Rxb2 31.Rxd6 Qf5 32.Qc1 Ra2 33.Qc4 Qf7 34.Qb5 
Ra7 35.Nxc5 Bxc5 36.Qxc5 Rc7 37.Qb6 Re7 38.h3 Rfe8 39.Qb4 Re6 40.Rdd1 Re2 
41.f4 Qe7 42.Qc3 Qb7 43.Rf3 Qg7 44.Qa5 Qe7 45.Rdd3 Qg7 46.f5 Re1+ 47.Kh2 
Qe5+ 48.Qxe5 R1xe5 49.f6 Rf8 50.Rd7+ Kh8 51.Ra3 Rf5 52.Raa7 R8xf6 53.Rh7+ 
Kg8 54.Rxh6 Rb6 55.Rhh7 Rc5 56.Rhg7+ Kh8 57.Rgd7 Rc8 58.Kg3 Kg8 59.Kh4 Re8
60.g4 Rb3 61.Rg7+ Kh8 62.Rh7+ Kg8 63.Kg5 Rc8 64.h4 Rc6 65.Rhg7+ Kh8 66.
Rxg6 Rbb6 67.Rxc6 Rxc6 68.Kh5 Rb6 69.g5 Rc6 70.g6 Rc4 71.Kg5 Rb4 72.h5 
Rb5+ 73.Kh6 Rb8 74.Ra5 Rc8 75.Kg5 Rb8 76.h6 Rc8 77.h7 1-0

[Event "7th Vidmar Memorial"]
[Site "Ljubljana YUG"]
[Date "1987.06.14"]
[Round "9"]
[White "Hulak, Krunoslav"]
[Black "Jelen, Iztok"]
[Result "1/2-1/2"]
[WhiteElo "2540"]
[BlackElo "2430"]
[EventDate "1987.06.03"]
[PlyCount "51"]

1.d4 d5 2.Nf3 c5 3.e3 e6 4.Nbd2 Nf6 5.b3 cxd4 6.exd4 Bb4 7.Bb2 Ne4 8.g3 
Bc3 9.Bxc3 Nxc3 10.Qc1 Nc6 11.Qb2 Ne4 12.Rd1 O-O 13.Bd3 f5 14.O-O Bd7 15.
c4 Be8 16.Be2 Bh5 17.Rfe1 Qf6 18.b4 Nxd2 19.Qxd2 Bxf3 20.Bxf3 dxc4 21.Bxc6
bxc6 22.Qc3 Rfd8 23.Qxc4 Rd6 24.Qc5 Qd8 25.Rc1 a5 26.a3 1/2-1/2

[Event "7th Vidmar Memorial"]
[Site "Ljubljana YUG"]
[Date "1987.06.14"]
[Round "9"]
[White "Gostisa, Leon"]
[Black "Sokolov, Ivan"]
[Result "1/2-1/2"]
[WhiteElo "2380"]
[BlackElo "2425"]
[EventDate "1987.06.03"]
[PlyCount "81"]

1.d4 Nf6 2.c4 g6 3.Nc3 d5 4.Bg5 Ne4 5.Bh4 Nxc3 6.bxc3 Bg7 7.e3 c5 8.cxd5 
cxd4 9.cxd4 Qxd5 10.Nf3 Nc6 11.Be2 O-O 12.O-O b6 13.Nd2 Bb7 14.Bf3 Qd7 15.
Rc1 Rac8 16.Qa4 e6 17.Rfd1 a6 18.Ne4 Ne5 19.Qxd7 Nxd7 20.Nd6 Bxf3 21.gxf3 
Rxc1 22.Rxc1 Nf6 23.Rc7 Nd5 24.Rb7 b5 25.Ra7 Nc3 26.Rxa6 e5 27.dxe5 Bxe5 
28.Ne4 b4 29.Nf6+ Bxf6 30.Bxf6 Nd5 31.Bd4 Rb8 32.Be5 Re8 33.f4 h6 34.Ra5 
Rd8 35.Kg2 f6 36.Bb2 Nxe3+ 37.fxe3 Rd2+ 38.Kg3 Rxb2 39.h3 f5 40.a4 bxa3 
41.Rxa3 1/2-1/2

[Event "7th Vidmar Memorial"]
[Site "Ljubljana YUG"]
[Date "1987.06.14"]
[Round "9"]
[White "Vera Gonzalez, Reynaldo"]
[Black "Psakhis, Lev"]
[Result "1/2-1/2"]
[WhiteElo "2470"]
[BlackElo "2575"]
[EventDate "1987.06.03"]
[PlyCount "77"]

1.c4 Nf6 2.d4 c5 3.Nf3 e6 4.e3 cxd4 5.exd4 b6 6.Nc3 Bb7 7.Bd3 d5 8.O-O Be7
9.cxd5 Nxd5 10.Ne5 O-O 11.Qf3 Nd7 12.Qh3 f5 13.Nf3 Rc8 14.Bd2 Rf6 15.Rac1 
Nxc3 16.bxc3 Nc5 17.Ne5 Nxd3 18.Qxd3 Bd6 19.Qe2 Bxe5 20.Qxe5 Qd5 21.Qxd5 
Bxd5 22.a4 Rf7 23.Ra1 Rd7 24.Rfb1 Bc4 25.a5 b5 26.Re1 Kf7 27.f3 Rc6 28.Kf2
Ke8 29.Bc1 Bd5 30.Bb2 Rdc7 31.Rec1 g5 32.h3 h5 33.Ke3 Kf7 34.Kd2 e5 35.
dxe5 Bb3 36.Ba3 Ke6 37.Bd6 Rg7 38.Rh1 f4 39.Rab1 1/2-1/2

[Event "7th Vidmar Memorial"]
[Site "Ljubljana YUG"]
[Date "1987.06.14"]
[Round "9"]
[White "Polajzer, Danilo"]
[Black "Sifrer, Darko"]
[Result "1/2-1/2"]
[WhiteElo "2375"]
[BlackElo "2355"]
[EventDate "1987.06.03"]
[PlyCount "28"]

1.d4 d5 2.c4 e6 3.Nf3 Be7 4.Nc3 Nf6 5.Bg5 O-O 6.e3 Nbd7 7.Rc1 c6 8.Bd3 
dxc4 9.Bxc4 Nd5 10.Bxe7 Qxe7 11.O-O Nxc3 12.Rxc3 e5 13.dxe5 Nxe5 14.Nxe5 
Qxe5 1/2-1/2

[Event "7th Vidmar Memorial"]
[Site "Ljubljana YUG"]
[Date "1987.06.15"]
[Round "10"]
[White "Mencinger, Vojko"]
[Black "Sifrer, Darko"]
[Result "1/2-1/2"]
[WhiteElo "2385"]
[BlackElo "2355"]
[EventDate "1987.06.03"]
[PlyCount "85"]

1.e4 e6 2.d4 d5 3.e5 c5 4.c3 Qb6 5.Nf3 Bd7 6.Be2 Bb5 7.O-O Bxe2 8.Qxe2 Nc6
9.dxc5 Bxc5 10.b4 Bf8 11.Nbd2 Nge7 12.Nb3 Ng6 13.Bd2 a6 14.Rfe1 Be7 15.a4 
O-O 16.g3 Qc7 17.h4 Rfd8 18.Rac1 Qd7 19.Ra1 Rdc8 20.b5 Nb8 21.Nfd4 Bc5 22.
h5 Ne7 23.Nxc5 Rxc5 24.g4 axb5 25.axb5 Rxa1 26.Rxa1 Rc8 27.h6 Ng6 28.hxg7 
Qc7 29.f4 Nd7 30.Qh2 Nc5 31.Kg2 Kxg7 32.Rh1 h5 33.gxh5 Ne7 34.f5 Rg8 35.
f6+ Kf8+ 36.Kh3 Nf5 37.Nxf5 exf5 38.Ra1 Qc8 39.Bh6+ Ke8 40.Bg7 Ne4 41.e6 
fxe6 42.Qe5 Kf7 43.h6 1/2-1/2

[Event "7th Vidmar Memorial"]
[Site "Ljubljana YUG"]
[Date "1987.06.15"]
[Round "10"]
[White "Jelen, Iztok"]
[Black "Gostisa, Leon"]
[Result "1/2-1/2"]
[WhiteElo "2430"]
[BlackElo "2380"]
[EventDate "1987.06.03"]
[PlyCount "33"]

1.d4 Nf6 2.c4 e6 3.Nc3 Bb4 4.e3 O-O 5.Bd3 d5 6.Nf3 c5 7.O-O dxc4 8.Bxc4 b6
9.a3 cxd4 10.axb4 dxc3 11.Qxd8 Rxd8 12.bxc3 Bb7 13.Bb2 Nc6 14.Be2 Ne4 15.
Rfd1 h6 16.Nd4 a5 17.f3 1/2-1/2

[Event "7th Vidmar Memorial"]
[Site "Ljubljana YUG"]
[Date "1987.06.15"]
[Round "10"]
[White "Grosar, Aljosa"]
[Black "Hulak, Krunoslav"]
[Result "1-0"]
[WhiteElo "2370"]
[BlackElo "2540"]
[EventDate "1987.06.03"]
[PlyCount "47"]

1.e4 c5 2.Nf3 e6 3.b3 d6 4.Bb2 Nc6 5.d4 cxd4 6.Nxd4 a6 7.c4 Bd7 8.Be2 Nf6 
9.Nc3 Be7 10.O-O O-O 11.Kh1 Qb6 12.Nc2 Rfc8 13.f4 Rab8 14.Bd3 Be8 15.Qe1 
Nd7 16.Qg3 Bf8 17.Ne3 Nc5 18.Rad1 Nxd3 19.Rxd3 Qa5 20.Ng4 b5 21.Nf6+ Kh8 
22.Qh4 gxf6 23.Nd5 e5 24.Rg3 1-0

[Event "7th Vidmar Memorial"]
[Site "Ljubljana YUG"]
[Date "1987.06.15"]
[Round "10"]
[White "Csom, Istvan"]
[Black "Xu Jun"]
[Result "1/2-1/2"]
[WhiteElo "2485"]
[BlackElo "2495"]
[EventDate "1987.06.03"]
[PlyCount "57"]

1.c4 e5 2.g3 Nf6 3.Bg2 d5 4.cxd5 Nxd5 5.Nc3 Nb6 6.d3 Be7 7.Be3 Nc6 8.Bxc6+
bxc6 9.Nf3 f6 10.Rc1 Nd5 11.Na4 Nxe3 12.fxe3 Qd5 13.b3 Ba3 14.Rc2 O-O 15.
Qd2 Bg4 16.O-O f5 17.Qc3 e4 18.Ne1 c5 19.Ng2 g5 20.d4 cxd4 21.exd4 Rad8 
22.Ne3 Qxd4 23.Qxd4 Rxd4 24.Nxg4 fxg4 25.Rxf8+ Kxf8 26.Kf2 Rd1 27.Nc5 
Bxc5+ 28.Rxc5 Rh1 29.Kg2 1/2-1/2

[Event "7th Vidmar Memorial"]
[Site "Ljubljana YUG"]
[Date "1987.06.15"]
[Round "10"]
[White "Dizdar, Goran"]
[Black "Boensch, Uwe"]
[Result "1/2-1/2"]
[WhiteElo "2505"]
[BlackElo "2530"]
[EventDate "1987.06.03"]
[PlyCount "65"]

1.Nf3 Nf6 2.g3 d5 3.Bg2 c5 4.O-O Nc6 5.c4 dxc4 6.Na3 e6 7.Nxc4 Be7 8.b3 
O-O 9.Bb2 Bd7 10.d4 b5 11.Nce5 Nxe5 12.Nxe5 Rc8 13.Rc1 b4 14.dxc5 Bxc5 15.
Bb7 Rc7 16.Bc6 Qe7 17.Bxd7 Nxd7 18.Nd3 Rd8 19.Nxc5 Nxc5 20.Qc2 e5 21.Rfd1 
Rdc8 22.Qf5 f6 23.Rc4 Qe6 24.Qc2 a5 25.Rc1 Na6 26.Rxc7 Rxc7 27.Qe4 Qd6 28.
Qa8+ Kf7 29.Rxc7+ Nxc7 30.Qxa5 Kg6 31.a3 bxa3 32.Bxa3 Qd1+ 33.Kg2 1/2-1/2

[Event "7th Vidmar Memorial"]
[Site "Ljubljana YUG"]
[Date "1987.06.16"]
[Round "11"]
[White "Boensch, Uwe"]
[Black "Mencinger, Vojko"]
[Result "1-0"]
[WhiteElo "2530"]
[BlackElo "2385"]
[EventDate "1987.06.03"]
[PlyCount "81"]

1.d4 Nf6 2.c4 e6 3.Nc3 d5 4.Bg5 Nbd7 5.e3 Be7 6.Rc1 O-O 7.Nf3 dxc4 8.Bxc4 
c5 9.O-O cxd4 10.Qxd4 Nb6 11.Be2 Nfd5 12.Bxe7 Qxe7 13.Rfd1 Nxc3 14.Rxc3 
Nd5 15.Rcc1 b6 16.Qe5 Rd8 17.e4 Nf6 18.Nd4 Bb7 19.Rc7 Rd7 20.Rxd7 Qxd7 21.
Nf5 Qe8 22.Nxg7 Kxg7 23.Qg5+ Kf8 24.Qxf6 Bxe4 25.Qh6+ Kg8 26.Qg5+ Kf8 27.
Qe5 Bd5 28.Rc1 Kg8 29.Rc3 Qd8 30.Bh5 f6 31.Qf4 Rc8 32.Rg3+ Kh8 33.h3 Qe7 
34.Bf3 Bxf3 35.Rxf3 Kg7 36.h4 Rd8 37.h5 Rd1+ 38.Kh2 Rd5 39.h6+ Kf7 40.Rg3 
Qd6 41.Rg7+ 1-0